The Structure of being : a Neoplatonic approach /

Bibliographic Details
Corporate Author: International Society for Neoplatonic Studies
Other Authors: Harris, R. Baine, 1927-
Format: Book
Language:English
Published: Norfolk, Va. : International Society for Neoplatonic Studies, [1982]
Series:Studies in Neoplatonism ; v. 4.
Subjects:

MARC

Tag First Indicator Second Indicator Subfields
LEADER 00000pam a2200000 a 4500
001 in00000088396
005 20151008063201.0
008 810427s1982 vau b 00100 eng
010 |a  81005627  
020 |a 0873955323 
020 |a 0873955331 (pbk.) 
035 |a (OCoLC)07554491 
035 |9 AAK1742AM 
039 0 |a 2  |b 3  |c 3  |d 3  |e 3 
040 |a DLC  |c DLC  |d TXA  |d UtOrBLW 
049 |a TXAM  |c [1272669] 
050 0 0 |a B645  |b  S83 
082 0 |a 186/.4  |2 19 
245 0 4 |a The Structure of being :  |b a Neoplatonic approach /  |c edited by R. Baine Harris. 
264 1 |a Norfolk, Va. :  |b International Society for Neoplatonic Studies,  |c [1982] 
264 4 |c ©1982 
300 |a x, 187 pages ;  |c 24 cm. 
336 |a text  |b txt  |2 rdacontent 
337 |a unmediated  |b n  |2 rdamedia 
338 |a volume  |b nc  |2 rdacarrier 
490 1 |a Studies in Neoplatonism ;  |v v. 4 
504 |a Includes bibliographical references and index. 
505 0 |a The logical pecularities of Neoplatonism / J.N. Findlay -- On logical structure and the Plotinic cosmos / R.M. Martin -- Some logical aspects of the concept of hypostasis in Plotinus / John P. Anton -- The one, or God, is not properly hypostasis--a reply to Professor Anton / John N. Deck --Plotinus' theory of the one / Eugene F. Bales -- Vertical causation in Plotinus / Michael F. Wagner -- The ontological basis of Plotinus' criticism of Aristotel's theory of categories / Christos Evangeliou --Plotinus and self-predication / John Fielder -- Omnipresence and eidetic causation in Plotinus / Jonathan Scott Lee -- Cantor's sets and Proclus' wholes / Robert S. Brumbaugh -- The mathematics of mysticism / Carl R. Kordig -- The anatomy of a Neoplatonist metaphysical proof / Ronald Hathaway -- The idea of false in Proclus / Evanghelos A. Moutsopoulos -- Participation and the structure of being in Proclus' elements of theology / Leo Sweeney. 
600 0 0 |a Plotinus. 
650 0 |a Neoplatonism. 
650 0 |a Ontology. 
700 1 |a Harris, R. Baine,  |d 1927- 
710 2 |a International Society for Neoplatonic Studies. 
830 0 |a Studies in Neoplatonism ;  |v v. 4. 
999 |a MARS 
999 f f |s ad7f8a77-c96c-3cfc-a027-443398057b4b  |i c9029e89-5a4a-37a1-824a-a563392fdbce  |t 0 
952 f f |p ric  |a Texas A&M University  |b Rellis Campus  |c Joint Library Facility  |d Remote Storage  |t 0  |e B645 .S83  |h Library of Congress classification  |i unmediated -- volume  |m A14805985032 
998 f f |a B645 .S83  |t 0  |l Remote Storage